banner-ar

EUROPE: WITHOUT FRONTIERS: THE IMPLICATIONS FOR HEALTH / (Record no. 25019)

MARC details
000 -الفاتح
حقل البيانات ثابتة الطول 00664nam a2200229Ia 4500
008 - عناصر البيانات ثابتة الطول - معلومات عامة
حقل البيانات ثابتة الطول 140319s9999 xx 000 0 eng d
040 ## - مصدر الفهرسة
وكالة الفهرسة الأصلية GCL /
وكالة النسخ GCL
082 04 - رقم تصنيف ديوى العشرى
رقم التصنيف 362.1094
رقم المادة N E
100 1# - المدخل الرئيسى - إسم شخصى
الإسم الشخصى NORMAND, CHARLES E, M
245 10 - بيان العنوان
العنوان EUROPE: WITHOUT FRONTIERS: THE IMPLICATIONS FOR HEALTH /
بيان المسئوليه,etc NORMAND, CHARLES E, M
700 1# - المدخل الاضافى - اسم شخصى
الإسم الشخصى VOUGHAN, PATRICK
700 1# - المدخل الاضافى - اسم شخصى
الإسم الشخصى LONDON SCHOOL OF HYGIENE AND TROPICAL
260 ## - PUBLICATION, DISTRIBUTION, ETC. (IMPRINT)
تاريخ النشر أو التوزيع 1993
300 ## - الوصف المادى
التعداد 376 P
650 04 - المدخل الاضافى بالموضوع-مصطلح موضوعى
مصطلح موضوعي EUROPE
650 04 - المدخل الاضافى بالموضوع-مصطلح موضوعى
مصطلح موضوعي CONGRESSES
650 04 - المدخل الاضافى بالموضوع-مصطلح موضوعى
مصطلح موضوعي MEDICAL POLICY
650 04 - المدخل الاضافى بالموضوع-مصطلح موضوعى
مصطلح موضوعي PUBLIC HEALTH
650 04 - المدخل الاضافى بالموضوع-مصطلح موضوعى
مصطلح موضوعي INTERNATIONAL COOPERATION
942 ## - عناصر المدخل الإضافي( كوها)
مصدر التصنيف او مخطط الترفيف Dewey Decimal Classification
Koha [default] item type كتاب
260 ## - PUBLICATION, DISTRIBUTION, ETC. (IMPRINT)
-- [S.N] :
-- JOHN WILEY AND SONS. INC ،
Holdings
حالة التراجع حالة الفقد حالة تلف ليس للاعارة المكان المؤقت الموقع الحالى تاريخ الاكتساب اجمالي اﻻعارات رقم الطلب الباركود تاريخ اخر مشاهدة تاريخ تفعيل السعر نوع وعاء كوها
        مكتبة القاهرة الكبرى مكتبة القاهرة الكبرى 03/26/2014   362.1094\N E 44164 03/26/2014 03/26/2014 كتاب
        مكتبة القاهرة الكبرى مكتبة القاهرة الكبرى 03/26/2014   362.1094\N E 44165 03/26/2014 03/26/2014 كتاب

Powered By

EGPV